Loading...
Auditory Arts | 7 | 17.14 | 86% | 57% | 29% |
Beliefs | 12 | 17.50 | 92% | 50% | 33% |
Current Events | 3 | 23.33 | 100% | 100% | 33% |
Fine Arts - Other Arts | 9 | 18.89 | 89% | 67% | 33% |
Geography | 2 | 15.00 | 100% | 50% | 0% |
History - American History | 8 | 22.50 | 100% | 75% | 50% |
History - Ancient History | 4 | 20.00 | 100% | 75% | 25% |
History - European History | 7 | 20.00 | 71% | 100% | 29% |
History - Other History | 3 | 20.00 | 100% | 100% | 0% |
History - World History | 11 | 23.64 | 100% | 73% | 64% |
Literature - American Literature | 5 | 22.00 | 100% | 80% | 40% |
Literature - British Literature | 8 | 27.50 | 100% | 100% | 75% |
Literature - European Literature | 6 | 26.67 | 100% | 100% | 67% |
Literature - World Literature | 7 | 27.14 | 100% | 86% | 86% |
Other Academic | 1 | 20.00 | 100% | 100% | 0% |
Philosophy | 8 | 21.25 | 100% | 100% | 13% |
Science - Biology | 5 | 14.00 | 100% | 40% | 0% |
Science - Chemistry | 9 | 18.89 | 100% | 89% | 0% |
Science - Other Science | 11 | 22.73 | 91% | 100% | 36% |
Science - Physics | 9 | 20.00 | 100% | 89% | 11% |
Social Science | 12 | 22.50 | 92% | 92% | 42% |
Visual Arts | 9 | 25.56 | 100% | 78% | 78% |